00883nam a22002297a 45000010005000000030006000050050017000110080041000280200015000690400029000840500013001131000013001262450095001392600061002343000043002954900027003385050008003655200212003735210029005855210020006146500019006347450FISKH20250716103736.0250716b cb ||||| |||| 00| 0 eng d a0875346456 aFISKHbengcFISKHdFISKH aPZ5.A545 aVarious  aAnnika, the queen of light :band other stories of children around the world /cBy Various aColumbus, Ohio :bHighlights for Children, Inc. ,c1995. a95 pages : billustrations ;c19 cm .  aHighlights Story Books aR  aHere are 15 popular stories of children around the world from Highlights for Children. Characters from many countries and cultures fill this delightful collection with adventure, excitements, and friendship 8 a750 bLexile estimate 8 aR bRaz-Plus  aBlue vFiction